Utility regulation in competitive markets : problems and progress /
Papers from the 15th series of the Beesley lectures, held in 2005.
Saved in:
| Corporate Authors: | , |
|---|---|
| Other Authors: | |
| Format: | Book |
| Language: | English |
| Published: |
Cheltenham, UK ; Northampton, MA :
Edward Elgar,
c2007.
|
| Subjects: | |
| Tags: |
Add Tag
No Tags, Be the first to tag this record!
|
| LEADER | 02039cam a22003974a 4500 | ||
|---|---|---|---|
| 001 | 010683084-8 | ||
| 005 | 20070820161209.0 | ||
| 008 | 060808s2007 enka b 101 0 eng | ||
| 010 | |a 2006024809 | ||
| 015 | |a GBA6A0982 |2 bnb | ||
| 016 | 7 | |a 013613586 |2 Uk | |
| 020 | |a 1847202020 (hardcover) | ||
| 020 | |a 9781847202024 (hardcover) | ||
| 035 | 0 | |a ocm70866883 | |
| 040 | |a DLC |c DLC |d UKM |d BAKER |d BTCTA |d YDXCP |d C#P | ||
| 050 | 0 | 0 | |a HD2763 |b .U85 2007 |
| 082 | 0 | 0 | |a 363.6 |2 22 |
| 245 | 0 | 0 | |a Utility regulation in competitive markets : |b problems and progress / |c edited by Colin Robinson. |
| 260 | |a Cheltenham, UK ; |a Northampton, MA : |b Edward Elgar, |c c2007. | ||
| 300 | |a xiv, 238 p. : |b ill. ; |c 24 cm. | ||
| 500 | |a Papers from the 15th series of the Beesley lectures, held in 2005. | ||
| 500 | |a "In association with the Institute of Economic Affairs and the London Business School." | ||
| 504 | |a Includes bibliographical references and index. | ||
| 505 | 0 | |a Beyond regulation / Stephen Littlechild -- Ronald Coase and the spectrum question / Thomas W. Hazlett -- European energy liberalisation : progress and problems / Jorge Vasconcelos -- Supply security in competitive electricity and natural gas markets / Paul L. Joskow -- The end to the postal exception? / Dermot Glynn and David Stubbs -- Developing the framework of rail regulation / Chris Bolt -- Cost of capital : some current issues / Julian Franks -- A strategic approach to the economic regulation of spectrum, telecoms and broadcasting / Ed Richards. | |
| 520 | |a Papers from the 15th series of the Beesley lectures, held in 2005. | ||
| 650 | 0 | |a Public utilities |x Government policy |v Congresses. | |
| 650 | 0 | |a Competition |x Government policy |v Congresses. | |
| 653 | 1 | |a Beesley | |
| 653 | 1 | |a Utility regulation | |
| 653 | 1 | |a Competitive markets | |
| 655 | 7 | |a Conference proceedings. |2 fast | |
| 700 | 1 | |a Robinson, Colin, |d 1932- | |
| 710 | 2 | |a Institute of Economic Affairs (Great Britain) | |
| 710 | 2 | |a London Business School. | |
| 988 | |a 20060914 | ||
| 906 | |0 DLC | ||


